000 00913nam a2200229 a 4500
003 0
005 20250203095035.0
008 130729s19uu xx 00 eng d
050 _aPHS HQ 783
_b.Ur76 2013
100 _aUriarte, Isable Meara A.
245 _aDifferences between mobile phone users and non-mobile phone users of grade 5 SISC students on their interpersonal skills /
_cIsable Meara A. Uriarte.
260 _aLas PiƱas City, Philippines :
_bSouthville International School and Colleges,
_c2013.
300 _a38 p. :
_bill. ;
_c28 cm.
504 _aIncludes bibliographical references.
650 _aInterpersonal relations in children.
650 _aMobile communication systems
_vSocial aspects.
650 _aCell phones and children.
650 _aSocial skills in children.
650 _aTechnology and children.
650 _aEducational psychology
_vTechnology use.
942 _2lcc
_cPASS
999 _c98909
_d98909